| 000 | 00000nam##2200000za#4500 |
| 001 | 9.661778 |
| 003 | CaOODSP |
| 005 | 20200330121800 |
| 007 | ta |
| 008 | 150407|2000||||xxc||||| f|0| 0 fre|d |
| 020 | |a0-662-64902-8 |
| 040 | |aCaOODSP|bfre |
| 041 | |aeng |
| 041 | |afre |
| 043 | |an-cn--- |
| 086 | 1 |aBT22-68/2000 |
| 110 | 1 |aCanada. |bConseil du trésor. |
| 245 | 10|aDes résultats pour les Canadiens et les Canadiennes : |bun cadre de gestion pour le gouvernement du Canada |
| 260 | |aOttawa - Ontario : |bSecrétariat du Conseil du Trésor du Canada |c2000. |
| 300 | |aTexte français, 42p. ; |c28 cm. |
| 500 | |a«Ce document présente un cadre de gestion qui, appliqué au sein du gouvernement du Canada, favorisera la mise en oeuvre d'un programme modifiant la façon dont les ministères et les divers organismes fédéraux gèrent et mettent en oeuvre leurs programmes et leurs services.»--Page 1. |
| 520 | 3 |aCe document présente un cadre de gestion qui, appliqué au sein du gouvernement du Canada, favorisera la mise en oeuvre d'un programme modifiant la façon dont les ministères et les divers organismes fédéraux gèrent et mettent en oeuvre leurs programmes et leurs services.--Page 1 |
| 546 | |aBilingue |
| 563 | |aCouverture souple |
| 590 | |a00-25|b2000-06-23 |
| 691 | 07|aGestion|2gcpds |
| 691 | 07|aInstitution fédérale|2gcpds |
| 691 | 07|aAdministration publique|2gcpds |
| 691 | 07|aFonction publique|2gcpds |
| 776 | 0#|tDes résultats pour les Canadiens et les Canadiennes : |w(CaOODSP)9.637799 |
| 776 | 0#|tResults for Canadians : |w(CaOODSP)9.693624 |
| 791 | |tResults for Canadians : |eeng|w(CaOODSP)9.661777 |